| 000 | 00327cam a2200109ua 4500 | ||
|---|---|---|---|
| 082 |
_a954 _bBHA/DE |
||
| 100 |
_aBhargavan, Veliyam . _91791 |
||
| 245 | 0 | 0 | _aDeseeya Vimochana Prasthanam, Sajeeva Prasthanangal / |
| 260 |
_aKottayam : _bPrabhatham Printing and Publishing Co. Pvt. Ltd. , _c1967. |
||
| 300 | _a264 ; . | ||
| 942 | _cBK | ||
| 999 |
_c5990 _d5990 |
||